00397cam a22001691 4500001000800000005001700008008004100025010001700066040001800083041000800101080001500109082001500124100000700139101000800146245004300154504003000197405981920180301070258.0711108r19651939nyua b 000 0 eng  a 65025703  aDLCcDLCdDLC aeng a591.92 KRO00a591.92 KRO1 a11 aBIO10aOsmotic regulation in aquatic animals. aBibliography: p. 219-233.